书目信息 |
| 题名: |
黄土沟壑村庄的绿色消解
|
|
| 作者: | 于洋 著 | |
| 分册: | ||
| 出版信息: | 北京 中国建筑工业出版社 2016.09 |
|
| 页数: | 224页 | |
| 开本: | 23cm | |
| 丛书名: | ||
| 单 册: | ||
| 中图分类: | S731.7 | |
| 科图分类: | ||
| 主题词: | 乡村绿化--研究 | |
| 电子资源: | ||
| ISBN: | 978-7-112-19864-1 | |
| 000 | 01197nam0 2200241 450 | |
| 001 | 0100004133 | |
| 005 | 20190305103530.98 | |
| 010 | @a978-7-112-19864-1@dCNY39.00 | |
| 100 | @a20161109d2016 em y0chiy50 ea | |
| 101 | 0 | @achi |
| 102 | @aCN@b110000 | |
| 105 | @aabk z 000yy | |
| 200 | 1 | @a黄土沟壑村庄的绿色消解@Ahuang tu gou he cun zhuang de lv se xiao jie@f于洋著 |
| 210 | @a北京@c中国建筑工业出版社@d2016.09 | |
| 215 | @a224页@c图,地图@d23cm | |
| 312 | @a封面英文题名:Villages' green resolution in the loess gully area | |
| 330 | @a本书研究面向黄土沟壑区基层村人居环境,基于该地区生态脆弱、贫穷落后、城镇化水平低下、村落布局分散的现实,适应其村庄减少、人口衰减、民居消解、农业现代、生态主导等城镇化影响下的发展态势,揭示黄土沟壑区基层村发展中所出现的消解问题和本质,归结其发展特征与消解规律,以“3R”(Reduce, Reuse, Recycle)作为基本科学原理,剖析其消解的动因,明晰基层村绿色消解的适宜方向、对策和途径,并实践性地探讨了黄土沟壑区基层村绿色消解的主要模式。 | |
| 510 | 1 | @aVillages' green resolution in the loess gully area@zeng |
| 606 | 0 | @a乡村绿化@x研究 |
| 690 | @aS731.7@v5 | |
| 701 | 0 | @a于洋@Ayu yang@4著 |
| 801 | 0 | @aCN@c20171024 |
| 905 | @a河南城建学院图书馆@dS731.7@eY731 | |
| 黄土沟壑村庄的绿色消解/于洋著.-北京:中国建筑工业出版社,2016.09 |
| 224页:图,地图;23cm |
| ISBN 978-7-112-19864-1:CNY39.00 |
| 本书研究面向黄土沟壑区基层村人居环境,基于该地区生态脆弱、贫穷落后、城镇化水平低下、村落布局分散的现实,适应其村庄减少、人口衰减、民居消解、农业现代、生态主导等城镇化影响下的发展态势,揭示黄土沟壑区基层村发展中所出现的消解问题和本质,归结其发展特征与消解规律,以“3R”(Reduce, Reuse, Recycle)作为基本科学原理,剖析其消解的动因,明晰基层村绿色消解的适宜方向、对策和途径,并实践性地探讨了黄土沟壑区基层村绿色消解的主要模式。 |
| ● |
| 相关链接 |
|
|
|
正题名:黄土沟壑村庄的绿色消解
索取号:S731.7/Y731
 
预约/预借
| 序号 | 登录号 | 条形码 | 馆藏地/架位号 | 状态 | 备注 |
| 1 | 1304760 | 213047601 | 自科库401/401自科库 1排1列5层/ [索取号:S731.7/Y731] | 在馆 | |
| 2 | 1338698 | 213386986 | 自科库401/401自科库 1排1列5层/ [索取号:S731.7/Y731] | 在馆 | |
| 3 | 1338699 | 213386995 | 自科库401/401自科库 1排1列5层/ [索取号:S731.7/Y731] | 在馆 |